\

The frontlines of peace : (Record no. 30512)

MARC details
000 -LEADER
fixed length control field 03011cam a2200361 i 4500
001 - CONTROL NUMBER
control field 21836193
005 - DATE AND TIME OF LATEST TRANSACTION
control field 20260416145902.0
008 - FIXED-LENGTH DATA ELEMENTS--GENERAL INFORMATION
fixed length control field 201210s2022 nyua b 001 0 eng
010 ## - LIBRARY OF CONGRESS CONTROL NUMBER
LC control number 2020055058
020 ## - INTERNATIONAL STANDARD BOOK NUMBER
International Standard Book Number 9780197679197
Qualifying information (paperback)
020 ## - INTERNATIONAL STANDARD BOOK NUMBER
Canceled/invalid ISBN 9780197530368
Qualifying information (pdf)
035 ## - SYSTEM CONTROL NUMBER
System control number 21836193
040 ## - CATALOGING SOURCE
Original cataloging agency DLC
Language of cataloging eng
Description conventions rda
Transcribing agency DLC
Modifying agency DLC
041 ## - LANGUAGE CODE
Language code of text/sound track or separate title eng
042 ## - AUTHENTICATION CODE
Authentication code pcc
050 00 - LIBRARY OF CONGRESS CALL NUMBER
Classification number JZ5538
Item number .A869 2022
100 1# - MAIN ENTRY--PERSONAL NAME
Personal name Autesserre, Séverine,
245 14 - TITLE STATEMENT
Title The frontlines of peace :
Remainder of title an insider's guide to changing the world /
Statement of responsibility, etc. Séverine Autesserre.
250 ## - EDITION STATEMENT
Edition statement Oxford University Press paperback,
264 #1 - PRODUCTION, PUBLICATION, DISTRIBUTION, MANUFACTURE, AND COPYRIGHT NOTICE
Place of production, publication, distribution, manufacture New York, N.Y. :
Name of producer, publisher, distributor, manufacturer Oxford University Press,
Date of production, publication, distribution, manufacture, or copyright notice 2022.
300 ## - PHYSICAL DESCRIPTION
Extent xiv, 235 pages ;
Other physical details illustrations ;
Dimensions 24 cm
336 ## - CONTENT TYPE
Content type term text
Content type code txt
Source rdacontent
337 ## - MEDIA TYPE
Media type term unmediated
Media type code n
Source rdamedia
338 ## - CARRIER TYPE
Carrier type term volume
Carrier type code nc
Source rdacarrier
504 ## - BIBLIOGRAPHY, ETC. NOTE
Bibliography, etc. note Includes bibliographical references and index.
505 0# - FORMATTED CONTENTS NOTE
Formatted contents note Foreword -- Preface : war, hope, and peace -- Peace possible -- Island of peace -- Role models -- Peace, inc. -- Insiders and outsiders -- Designed intervention -- The new peace manifesto -- Peace by piece -- Recasting roles -- The home front.
520 ## - SUMMARY, ETC.
Summary, etc. "The word "peacebuilding" evokes a story we've all heard over and over: violence breaks out, foreign nations are scandalized, peacekeepers and million-dollar donors come rushing in, warring parties sign a peace agreement and, sadly, within months the situation is back to where it started--sometimes worse. But what strategies have worked to build lasting peace in conflict zones, particularly for ordinary citizens on the ground? And why should other ordinary citizens, thousands of miles away, care? In The Frontlines of Peace, Severine Autesserre, award-winning researcher and peacebuilder, examines the well-intentioned but inherently flawed peace industry. With examples drawn from across the globe, she reveals that peace can grow in the most unlikely circumstances. Contrary to what most politicians preach, building peace doesn't require billions in aid or massive international interventions. Real, lasting peace requires giving power to local citizens. The Frontlines of Peace tells the stories of the ordinary yet extraordinary individuals and organizations that are confronting violence in their communities effectively. One thing is clear: successful examples of peacebuilding around the world, in countries at war or at peace, have involved innovative grassroots initiatives led by local people, at times supported by foreigners, often employing methods shunned by the international elite. By narrating success stories of this kind, Autesserre shows the radical changes we must take in our approach if we hope to build lasting peace around us--whether we live in Congo, the United States, or elsewhere"--
Assigning source Provided by publisher.
650 #0 - SUBJECT ADDED ENTRY--TOPICAL TERM
Topical term or geographic name entry element Peace
General subdivision Citizen participation.
650 #0 - SUBJECT ADDED ENTRY--TOPICAL TERM
Topical term or geographic name entry element Peace-building.
650 #0 - SUBJECT ADDED ENTRY--TOPICAL TERM
Topical term or geographic name entry element Peaceful change (International relations)
942 ## - ADDED ENTRY ELEMENTS (KOHA)
Source of classification or shelving scheme Library of Congress Classification
Koha item type Books
Suppress in OPAC No
Holdings
Withdrawn status Lost status Source of classification or shelving scheme Damaged status Not for loan Collection Home library Current library Date acquired Total checkouts Full call number Barcode Date last seen Copy number Price effective from Koha item type
    Library of Congress Classification     College of Security and Global Studies (CSGS) MAIN MAIN 04/16/2026   JZ5538 .A869 2022 (C.1) 00000137 04/16/2026 1 04/16/2026 Books
    Library of Congress Classification     College of Security and Global Studies (CSGS) MAIN MAIN 04/16/2026   JZ5538 .A869 2022 (C.2) 00000138 04/16/2026 1 04/16/2026 Books